000 01391nam0a2200349 4500
001 RU\NLR\bibl\403532
005 20260405215457.0
010 _a5-94278-354-3
_bВ пер.
_94000
021 _aRU
_b2003-16795
_9774
035 _a(NLR Aleph) 000397669
090 _a555232
_c555232
100 _a20030523d2002 |||y0rusy50 ca
101 0 _arus
102 _aRU
105 _aa |||||||||
200 1 _aСволочи
_e[Рассказы]
_fДмитрий Горчев
_g[Ил. авт.]
210 _aСПб.
_cАмфора
_d2002
215 _a253, [1] с.
_cил.
_d21
225 1 _aИз книг Макса Фрая
327 1 _aСодерж.: Разделы: Сволочи; Петербург-Москва; Мерзость; Когда от нас ушли коммунисты; Сказки разные; О Вечном; Крещенский Сезон Дождей
675 _a821.161.1-32Горчев
_v3
_zrus
686 _a17.82
_2rugasnti
686 _a84(2Рос-Рус)6-44
_2rubbk
686 _aШ6(2=Р)75-744.05
700 1 _4070
_7ca
_8rus
_aГорчев
_bД. А.
_cписатель, художник
_f1963-2010
_gДмитрий Анатольевич
_980919
_3RU\NLR\auth\7797993
801 0 _aRU
_bRKP
_c20030523
_gPSBO
801 1 _aRU
_bRKP
_c20030523
801 2 _aRU
_bNLR
_c20110401
_grcr
942 _cBOOK
980 _aNB